[Event "Moscow-ch"]
[Site "Moscow"]
[Date "2002.??.??"]
[Round "1"]
[White "Nureev, Garun"]
[Black "Vorobiov, Evgeny E"]
[Result "0-1"]
[WhiteElo "2462"]
[BlackElo "2478"]
[PlyCount "112"]
[EventDate "2002.??.??"]
[EventType "k.o."]
[EventRounds "5"]
[EventCountry "RUS"]
[SourceTitle "EXT 2003"]
[Source "ChessBase"]
[SourceDate "2002.11.25"]
[SourceVersion "1"]
[SourceVersionDate "2002.11.25"]
[SourceQuality "1"]

1. b3 e5 2. Bb2 d6 3. e3 Nd7 4. Nf3 g6 5. d4 Bg7 6. Be2 e4 7. Nfd2 f5 8. c4 Nh6 9. Nc3 Nf6 10. Qc2 0-0 11. 0-0-0 c6 12. h3 d5 13. Kb1 Be6 14. Ka1 Rc8 15. Rb1 Re8 16. Na4 b6 17. Nc3 f4 18. Nf1 Nf5 19. Rd1 Nh4 20. cxd5 cxd5 21. g3 fxg3 22. fxg3 Nf3 23. Nd2 Nh5 24. Ba6 Nxg3 25. Bxc8 Qxc8 26. Nxf3 Nxh1 27. Qg2 Nf2 28. Qxf2 Rf8 29. Rc1 Rxf3 30. Qh2 Qd8 31. Nb5 Rxe3 32. Nxa7 Rxh3 33. Qc2 Bd7 34. Nc6 Qe8 35. Nb4 e3 36. Nxd5 e2 37. Re1 Rh1 38. Rxh1 e1Q+ 39. Rxe1 Qxe1+ 40. Qb1 Qxb1+ 41. Kxb1 h5 42. Kc2 h4 43. Bc1 Bxd4 44. Bf4 Bf5+ 45. Kd2 Kf7 46. Ne3 Ke6 47. a4 h3 48. b4 g5 49. Bg3 Be5 50. Bxe5 Kxe5 51. Nf1 Kf4 52. Ke2 g4 53. Kf2 Be4 54. a5 b5 55. a6 Ba8 56. a7 h2 0-1